| 000 | 01111nam a22002537a 4500 | ||
|---|---|---|---|
| 005 | 20170124103032.0 | ||
| 010 | _aA-595065 | ||
| 020 | _c95.00 | ||
| 035 | _aA-595065 | ||
| 037 | _bCen Lib/Ret | ||
| 040 |
_aDPL _bHN |
||
| 082 |
_aउ _bकपूर |
||
| 100 |
_aकपूर, अश्विनी _964321 |
||
| 245 |
_aबिखरें क्षण / _cअश्विनी कपूर |
||
| 246 |
_aBikharein kshan / _bby Ashwini Kapoor |
||
| 260 |
_aनई दिल्ली _bसिद्धार्थ पब्लिकेशन्स _c1989 |
||
| 270 |
_bनई दिल्ली _a10, डी. एस. आई. डी. सी. स्कीम II, ओखला इंडस्ट्रियल एरिया फेज II _e110020 |
||
| 300 |
_a168पृ. _c20सेमी (सजिल्द) |
||
| 650 |
_a हिन्दी साहित्य _964322 |
||
| 650 |
_a हिन्दी साहित्य -- उपन्यास _946379 |
||
| 650 |
_aHindi literature _964323 |
||
| 650 |
_aHindi literature -- Fiction _964324 |
||
| 942 |
_2ddc _cHN _hउ _mकपूर |
||
| 999 |
_c116000 _d116000 |
||